000 00654nas a2200241 4500
001 BR8107303
003 BR-BrBNA
005 20231205084903.0
007 ta
008 230509b bl.|||p| |||| 00| 00por d
040 _aBR-BrBNA
_bpor
_cBiblioteca Nacional de Agricultura
041 _a(Pt)
072 _aH10
100 1 _aMonice, R.
245 1 _aManejo de pragas da soja [Brasil]
650 _aSOJA
650 _aINSETO
650 _aINSETICIDA
650 _aCONTROLE QUIMICO
773 0 _tAgropecuaria (Brazil)
_xISSN 0365-2661
_g(Jan 1981), v. 2(22) p. 43-44
_wBR8107303
909 _a202311
_bLúcia
_c55
_dLúcia Elande
942 _2AGRIS
_n0
_cANA
999 _c107913
_d107913